Normal view
MARC view
Entry Topical Term
001 - CONTROL NUMBER
- control field: 38409
003 - CONTROL NUMBER IDENTIFIER
- control field: ARRUPE
005 - DATE AND TIME OF LATEST TRANSACTION
- control field: 20180111124524.0
008 - FIXED-LENGTH DATA ELEMENTS
- fixed length control field: 180111|| aca||aabn | a|a d
040 ## - CATALOGING SOURCE
- Original cataloging agency: ARRUPE
- Transcribing agency: ARRUPE
150 ## - HEADING--TOPICAL TERM
- Topical term or geographic name as entry element: Trials (Heresy)
- Geographic subdivision: France
- Geographic subdivision: Rouen.
670 ## - SOURCE DATA FOUND
- Source citation: Work cat.: (ARRUPE)0: The trial of Joan of Arc /, 2005.